|
|
|
|
| LEADER |
01126nam a2200289 a 4500 |
| 001 |
0017161 |
| 003 |
BD-DhAAL |
| 008 |
090709s1999 enk b 000 0 eng d |
| 010 |
|
|
|a 98035341
|
| 020 |
|
|
|a 0415169135 (alk. paper)
|
| 020 |
|
|
|a 9780415169141
|
| 040 |
|
|
|a DLC
|c DLC
|d DLC
|d BD-DhAAL
|
| 082 |
0 |
0 |
|a 809
|2 21
|
| 100 |
1 |
|
|a Widdowson, Peter.
|9 58306
|
| 245 |
1 |
0 |
|a Literature /
|c Peter Widdowson.
|
| 260 |
|
|
|a London ;
|a New York :
|b Routledge,
|c 1999.
|
| 300 |
|
|
|a x, 229 p. ;
|c 21 cm
|
| 490 |
1 |
|
|a The New critical idiom
|
| 500 |
|
|
|a First Indian reprint 2007
|
| 504 |
|
|
|a Includes bibliographical references (p. [211]-229).
|
| 526 |
|
|
|a ENH
|x Prof. Syed Manzoorul Islam
Faculty Member of BRAC University
|
| 541 |
1 |
|
|e 00017161
|a Friends' Book Corner
|
| 650 |
|
0 |
|a Literature.
|
| 852 |
4 |
|
|a Ayesha Abed Library
|c General Stacks
|
| 942 |
|
|
|2 ddc
|c BK
|
| 999 |
|
|
|c 2380
|d 2380
|
| 952 |
|
|
|0 0
|1 0
|2 ddc
|4 0
|6 809_WID
|7 0
|9 2201
|a BRACUL
|b BRACUL
|c GEN
|d 2009-07-14
|e Friends' Book Corner
|g 480.00
|l 0
|o 809 WID
|p 3010017161
|r 2009-07-14
|t 1
|v 960.00
|w 2009-07-14
|y BK
|x Requisitioned by Prof. Syed Manzoorul Islam (Faculty Member of BRAC University).
|